[Event "CAN-ch U10 Girls"]
[Site "Sault Ste Marie"]
[Date "2017.07.10"]
[Round "7"]
[White "Siahou, Audrey"]
[Black "Zhang, Joyce"]
[Result "0-1"]
[WhiteElo "794"]
[BlackElo "863"]
[PlyCount "120"]
[EventDate "2017.07.06"]
[EventType "swiss"]
[EventRounds "7"]
[EventCountry "CAN"]
[SourceTitle "EXT 2022"]
[Source "ChessBase"]
[SourceDate "2021.10.06"]
[SourceVersion "1"]
[SourceVersionDate "2021.10.06"]
[SourceQuality "1"]

1. e4 c5 2. Nf3 d6 3. d4 cxd4 4. Nxd4 Nf6 5. Nc3 Nc6 6. Nxc6 bxc6 7. Bd3 g6 8. 0-0 Bg7 9. Re1 e5 10. Bc4 0-0 11. Bb3 Be6 12. Bg5 h6 13. Bxf6 Qxf6 14. Rf1 a5 15. a3 a4 16. Ba2 h5 17. Qxd6 Ra6 18. Qd3 Rfa8 19. Bc4 Bxc4 20. Qxc4 Qe6 21. Qxe6 fxe6 22. Rad1 Rb8 23. Rb1 Bh6 24. Rfd1 c5 25. Ne2 Rab6 26. Nc3 Rxb2 27. Rxb2 Rxb2 28. Nxa4 Rxc2 29. Nb6 Ra2 30. Rc1 Bxc1 31. Nc4 Bxa3 32. Kf1 Bb4 33. Nxe5 g5 34. Nc4 Rc2 35. Ne5 Rc3 36. Ke2 Rb3 37. h3 Ba5 38. g3 Bc7 39. Kd2 h4 40. gxh4 gxh4 41. f3 Bxe5 42. Ke2 Bf4 43. Ke1 Re3+ 44. Kd2 c4 45. Kc2 c3 46. e5 Bxe5 47. f4 Bf6 48. Kc1 Rxh3 49. Kc2 Rh2+ 50. Kd1 c2+ 51. Kc1 e5 52. fxe5 Bg5+ 53. Kb2 c1Q+ 54. Kb3 Qb2+ 55. Kc4 Qxe5 56. Kd3 Rf2 57. Kc4 Rf4+ 58. Kd3 Rf3+ 59. Kc2 Qe2+ 60. Kb1 Rf1# 0-1

[Event "CAN-ch U08 Girls"]
[Site "Windsor"]
[Date "2015.07.08"]
[Round "4.141"]
[White "Zhou, Madison"]
[Black "Siahou, Audrey"]
[Result "1/2-1/2"]
[WhiteElo "606"]
[BlackElo "871"]
[PlyCount "110"]
[EventDate "2015.07.06"]
[EventType "swiss"]
[EventRounds "7"]
[EventCountry "CAN"]
[SourceTitle "EXT 2022"]
[Source "ChessBase"]
[SourceDate "2021.10.06"]
[SourceVersion "1"]
[SourceVersionDate "2021.10.06"]
[SourceQuality "1"]

1. e4 e5 2. Nf3 Nc6 3. Bc4 h6 4. h3 Nf6 5. a3 Bc5 6. 0-0 0-0 7. Nc3 d6 8. d3 b6 9. Be3 Bxe3 10. fxe3 Bb7 11. d4 exd4 12. exd4 Ne7 13. Qd2 Nxe4 14. Nxe4 Bxe4 15. Rfe1 Bb7 16. b3 d5 17. Bd3 Qd6 18. c4 dxc4 19. bxc4 Nc6 20. d5 Nb8 21. Re3 Nd7 22. Rae1 Nf6 23. Qb4 Qxb4 24. axb4 a5 25. bxa5 bxa5 26. Nd4 Rfe8 27. Nb5 Rxe3 28. Rxe3 Re8 29. Re2 Rxe2 30. Bxe2 Ne8 31. c5 Bxd5 32. Bf3 Bxf3 33. gxf3 c6 34. Nd4 a4 35. Nxc6 a3 36. Nb4 Nc7 37. c6 Kf8 38. Kf2 g5 39. Ke3 f5 40. Kd4 Ke7 41. Ke5 g4 42. hxg4 fxg4 43. fxg4 Kf7 44. Kf5 Nb5 45. g5 hxg5 46. Kxg5 Kg7 47. Kf5 Nc3 48. c7 a2 49. Nxa2 Nxa2 50. c8Q Nb4 51. Qc7+ Kg8 52. Qc4+ Kf8 53. Qxb4+ Kf7 54. Qc4+ Ke7 55. Qe6+ Kf8 1/2-1/2

[Event "CAN-ch U08 Girls"]
[Site "Windsor"]
[Date "2015.07.07"]
[Round "3.142"]
[White "Siahou, Audrey"]
[Black "Liao, Jodie"]
[Result "1/2-1/2"]
[WhiteElo "871"]
[BlackElo "645"]
[PlyCount "70"]
[EventDate "2015.07.06"]
[EventType "swiss"]
[EventRounds "7"]
[EventCountry "CAN"]
[SourceTitle "EXT 2022"]
[Source "ChessBase"]
[SourceDate "2021.10.06"]
[SourceVersion "1"]
[SourceVersionDate "2021.10.06"]
[SourceQuality "1"]

1. e4 c5 2. Nf3 Nc6 3. Nc3 Nf6 4. Bc4 a6 5. Ng5 Ne5 6. Bd3 h6 7. Nf3 g6 8. Nxe5 d6 9. Nf3 Bg4 10. h3 Be6 11. 0-0 Bg7 12. b3 0-0 13. Bb2 Qd7 14. Qe2 Rac8 15. Rad1 Rfd8 16. Rfe1 Kh7 17. Qe3 b5 18. Ne2 c4 19. bxc4 bxc4 20. Bxf6 Bxf6 21. Rb1 cxd3 22. Qxd3 a5 23. Qe3 Rxc2 24. Ng5+ Kg8 25. Nxe6 fxe6 26. Qxh6 Rdc8 27. Qxg6+ Kf8 28. Qh6+ Ke8 29. Qg6+ Kf8 30. Qh6+ Ke8 31. Qh8+ Kf7 32. Qh5+ Kf8 33. Qf3 Ke8 34. Qh5+ Kf8 35. Qh8+ Kf7 1/2-1/2